[Event "Aragon-chT Preferente Gr I"]
[Site "Aragon"]
[Date "2023.02.04"]
[Round "2.35"]
[White "Garcia Acin, Pablo"]
[Black "Alvaro Rada, Gonzalo"]
[Result "1-0"]
[WhiteElo "1851"]
[BlackElo "1273"]
[PlyCount "67"]
[EventDate "2023.01.28"]
[EventType "team-tourn"]
[EventRounds "9"]
[EventCountry "ESP"]
[SourceTitle "EXT 2024"]
[Source "ChessBase"]
[SourceDate "2023.10.10"]
[SourceVersion "1"]
[SourceVersionDate "2023.10.10"]
[SourceQuality "1"]
[WhiteTeam "Iberajedrez Mundo 64 II"]
[BlackTeam "Shatranj"]
[WhiteTeamCountry "ESP"]
[BlackTeamCountry "ESP"]

1. e4 c6 2. Nc3 e5 3. Nf3 d6 4. d4 Nd7 5. a4 a5 6. Bc4 h6 7. dxe5 Nxe5 8. Nxe5 dxe5 9. Bxf7+ Ke7 10. Qxd8+ Kxd8 11. Be3 Bb4 12. 0-0-0+ Ke7 13. Bc4 Nf6 14. f3 g5 15. Rd3 g4 16. Rhd1 Be6 17. Bxe6 Kxe6 18. Ne2 b5 19. Ng3 bxa4 20. Nf5 Rag8 21. c3 Bf8 22. Bb6 a3 23. Bxa5 gxf3 24. gxf3 axb2+ 25. Kxb2 Rg2+ 26. R1d2 Rhg8 27. Kb3 Nh5 28. Rd8 Rxd2 29. Rxd2 Nf4 30. Bb4 Nh3 31. Rd8 Kf7 32. Rxf8+ Rxf8 33. Bxf8 Kxf8 34. Kc4 1-0

[Event "ESP-ch U14"]
[Site "Salobrena"]
[Date "2020.08.04"]
[Round "3"]
[White "Garcia Acin, Pablo"]
[Black "Martinez Soriano, Javier"]
[Result "0-1"]
[WhiteElo "1592"]
[BlackElo "1981"]
[PlyCount "60"]
[EventDate "2020.08.03"]
[EventType "swiss"]
[EventRounds "9"]
[EventCountry "ESP"]
[SourceTitle "EXT 2021"]
[Source "ChessBase"]
[SourceDate "2020.10.23"]
[SourceVersion "1"]
[SourceVersionDate "2020.10.23"]
[SourceQuality "1"]

1. e4 e6 2. d4 d5 3. Nc3 Nc6 4. e5 f6 5. exf6 Qxf6 6. Nf3 Bd6 7. Bg5 Qf7 8. Be2 Nge7 9. 0-0 a6 10. Bh4 0-0 11. Bg3 Bxg3 12. fxg3 Nf5 13. Qd2 Qe7 14. Na4 b5 15. Nc3 Ncxd4 16. Nxd4 Qc5 17. Rxf5 Rxf5 18. Kh1 Rf7 19. Bg4 Qd6 20. Qe2 e5 21. Nb3 Bxg4 22. Qxg4 Raf8 23. Rg1 Rf1 24. Qe2 Rxg1+ 25. Kxg1 c5 26. Qd1 c4 27. Nd2 Qc5+ 28. Kh1 Qd4 29. Qe1 e4 30. Nd1 Qxd2 0-1